Management (Record no. 347483)

000 -LEADER
fixed length control field 00327 a2200121 4500
082 ## - DEWEY DECIMAL CLASSIFICATION NUMBER
Classification number 658
090 ## - LOCALLY ASSIGNED LC-TYPE CALL NUMBER (OCLC); LOCAL CALL NUMBER (RLIN)
-- 5059
-- 5059
100 ## - MAIN ENTRY--PERSONAL NAME
Personal name Peter F. Drucker
245 ## - TITLE STATEMENT
Title Management
Remainder of title Tasks Responsibilities Practices
Statement of responsibility, etc. Peter F. Drucker
260 ## - PUBLICATION, DISTRIBUTION, ETC.
Place of publication, distribution, etc. New Delhi, india
Name of publisher, distributor, etc. Allide Publishers
Date of publication, distribution, etc. 1996
300 ## - PHYSICAL DESCRIPTION
Extent 839
942 ## - ADDED ENTRY ELEMENTS (KOHA)
Institution code [OBSOLETE] NBS
Koha item type Book
Call number prefix 658 DRU
Holdings
Withdrawn status Lost status Damaged status Not for loan Permanent Location Current Location Date acquired Total Checkouts Full call number Barcode Date last seen Price effective from Koha item type Date last checked out
        Central Library (CL) Central Library (CL) 08/28/2013   658 DRU NBS2162 08/28/2013 08/28/2013 Book  
        Central Library (CL) Central Library (CL) 08/28/2013 1 658 DRU NBS1927 07/19/2017 08/28/2013 Book 07/19/2017
        Central Library (CL) Central Library (CL) 08/28/2013   658 DRU NBS1928 08/28/2013 08/28/2013 Book  
© 2023 Central Library, National University of Sciences and Technology. All Rights Reserved.